China Colombia : (Registro nro. 30971)
[ vista simple ]
| 000 -LEADER | |
|---|---|
| fixed length control field | 01361nam a22002057a 4500 |
| 003 - CONTROL NUMBER IDENTIFIER | |
| control field | OSt |
| 005 - DATE AND TIME OF LATEST TRANSACTION | |
| control field | 20250421123847.0 |
| 008 - FIXED-LENGTH DATA ELEMENTS--GENERAL INFORMATION | |
| fixed length control field | 250421b |||ao||| |||| 00| 0 spa d |
| 020 ## - INTERNATIONAL STANDARD BOOK NUMBER | |
| International Standard Book Number | 9789585266100 |
| 037 ## - SOURCE OF ACQUISITION | |
| Source of stock number/acquisition | Donación |
| 040 ## - CATALOGING SOURCE | |
| Original cataloging agency | CO-JMCR |
| Language of cataloging | spa |
| Transcribing agency | CO-JMCR |
| Modifying agency | CO-JMCR |
| Description conventions | rda |
| 041 0# - LANGUAGE CODE | |
| Language code of text/sound track or separate title | spa |
| 082 04 - DEWEY DECIMAL CLASSIFICATION NUMBER | |
| Edition number | 327.51 |
| Classification number | C53c |
| Item number | 23 |
| 110 1# - MAIN ENTRY--CORPORATE NAME | |
| Corporate name or jurisdiction name as entry element | China |
| 9 (RLIN) | 44122 |
| 245 10 - TITLE STATEMENT | |
| Title | China Colombia : |
| Remainder of title | la ruta del futuro, 40 años 1980-2020 / |
| Statement of responsibility, etc. | Embajada de la República Popular de China en la República de Colombia. |
| 260 ## - PUBLICATION, DISTRIBUTION, ETC. | |
| Place of publication, distribution, etc. | Bogotá : |
| Name of publisher, distributor, etc. | Embajada de la República Popular de China en la República de Colombia : |
| -- | Asociación de la Amistad Colombo China : |
| -- | Cámara Colombo China de Inversión y Comercio, |
| Date of publication, distribution, etc. | 2020. |
| 300 ## - PHYSICAL DESCRIPTION | |
| Extent | 112 páginas : |
| Other physical details | ilustraciones, fotografías ; |
| Dimensions | 29 cm. |
| 505 ## - FORMATTED CONTENTS NOTE | |
| Formatted contents note | Iniciar un camino es el comienzo, mantenerse es progreso, trabajar juntos al futuro es el éxito / Tatiana Gélvez Rubio -- Colombia y China, 40 años de relaciones. Tan lejos pero tan cerca / David Barriga -- El siglo de las oportunidades. Si Colombia y China se lo proponen, pueden convertirse en dos grandes aliados en lo ambiental y el uso eficiente de la energía / Eduardo Arias -- Una mirada hacia el futuro en tecnología e innovación / Ivan Luzardo -- Cómo servir té y café en la misma mesa, relaciones bilaterales China-Colombia / Javier Luque. |
| 942 ## - ADDED ENTRY ELEMENTS (KOHA) | |
| Source of classification or shelving scheme | Dewey Decimal Classification |
| Koha item type | Books |
| Withdrawn status | Lost status | Source of classification or shelving scheme | Damaged status | Not for loan | Collection code | Home library | Current library | Shelving location | Date acquired | Source of acquisition | Total Checkouts | Full call number | Barcode | Date last seen | Date last checked out | Copy number | Price effective from | Koha item type |
|---|---|---|---|---|---|---|---|---|---|---|---|---|---|---|---|---|---|---|
| Dewey Decimal Classification | Non-fiction | Biblioteca Pública José María del Castillo y Rada | Biblioteca Pública José María del Castillo y Rada | Book Cart | 03/12/2024 | Donación | 1 | 327.51 C53c | 201812347 | 02/11/2026 | 02/11/2026 | Ej.1 | 04/21/2025 | Books |